00369nam a2200145Ia 4500008004100000020001500041041000800056082001600064100002100080245003800101250000600139260004400145300001300189650002100202210716s2005 xx 000 0 und d a8178817047 aeng a338.04 KRIS aKrishna, Jaya S. aEnterprise IT emerging landscape. a1 aHyderabadbICFAI University Pressc2005 axxii,199 aEntrepreneurship